00754nam a2200241Ia 4500003000900000005001700009008004100026040001300067040001300080041000800093100003100101100001500132245007600147250001300223260001300236260000900249300001100258300001000269490000600279942001200285999001700297952019800314IT-RoPAU20220918175743.0120407s9999 xx 000 0 und d aIT-RoPAU cIT-RoPAU aita aTommaso d’Aquino 934289 csan934138 aSaggio contro la dottrina averroistica dell’unità dell’intelletto aLanciano aCarabba  c1930 a200 p. c19 cm v1 cBK2ddc c28342d28342 00102ddc406108_11260000000000071aPAULUSbPAULUSd2012-04-11l0o108.1126r2012-04-11 00:00:00w2012-04-11yBKzInserito da: Anna In data: 05 ottobre 2011 fondo: Via A.Severo 56 Progr:31655